| 000 | 01807nam0a2200337 i 4500 | ||
|---|---|---|---|
| 001 | RU\NLR\BIBL_A\011317328 | ||
| 005 | 20240921210551.0 | ||
| 010 |
_a9785961100921 _9300 |
||
| 021 |
_aRU _b2016-101666 _9355 |
||
| 021 |
_aRU _b2016-101666 _96764 |
||
| 035 | _a(NLR Aleph) 011317328 | ||
| 090 |
_a11057395 _c11057395 |
||
| 100 | _a20170130d2016 k y0rusy50 ca | ||
| 101 | 0 | _arus | |
| 102 | _aRU | ||
| 105 | _aa z 000zy | ||
| 200 | 1 |
_aРазработка приемов раннего предупреждения структурно-функциональных изменений костной ткани у женщин, проживающих в условиях ХМАО-Югры _f[Р.В. Кучин, М.В. Стогов, Н.Д. Нененко и др.] |
|
| 210 |
_aХанты-Мансийск _cРедакционно-издательский отдел Научной библиотеки Югорского государственного университета _d2016 |
||
| 215 |
_a67 с. _cил. _d19 |
||
| 300 | _aАвт. указаны на обл. | ||
| 320 | _aБиблиогр.: с. 62-66 (49 назв.) | ||
| 606 | 1 |
_aКости _xМинеральная плотность у женщин _xИзменения _xВлияние двигательной активности _yХанты-Мансийский автономный округ-Югра _92314451 _3RU\NLR\AUTH\6601610350 |
|
| 686 | 1 | _aР252.656.2 | |
| 686 | 1 | _aР11(2)09(2Р53-4Тю-6Х) | |
| 701 | 1 |
_aКучин _bР.В. _gРоман Викторович |
|
| 701 | 1 |
_aСтогов _bМ. В. _gМаксим Валерьевич |
|
| 701 | 1 |
_aНененко _bН.Д. _gНаталья Дмитриевна |
|
| 942 | _cBOOK | ||
| 980 | _aNBR | ||